Podział administracyjny Timoru Wschodniego - Statystyki

Ogólne statystyki
  • Ten quiz został rozwiązany 5 razy
  • Średni wynik to 1 z 14
Statystyki odpowiedzi
Dystrykt % Poprawnych
Dili
100%
Lautém
25%
Aileu
0%
Ainaro
0%
Atauro
0%
Baucau
0%
Bobonaro
0%
Cova-Lima
0%
Ermera
0%
Liquiçá
0%
Manatuto
0%
Manufahi
0%
Oecusse
0%
Viqueque
0%
Nie znaleziono quizów pasujących do podanych kryteriów
Rozkład punktacji
Procent ludzi z każdym wynikiem
Percentyl według liczby udzielonych odpowiedzi
Twoja historia wyników
Nie rozwiązałeś tego quizu